| 000 | 00924nam a2200265 a 4500 | ||
|---|---|---|---|
| 001 | 000025627 | ||
| 005 | 20200930023928.0 | ||
| 008 | 110216s1987 sp r 000 | spa d | ||
| 020 | _a8424912322 | ||
| 040 |
_aDO-SdBNP _bspa _cBNPHU |
||
| 082 |
_axxx _bP737o |
||
| 100 |
_aPlutarco _952326 |
||
| 245 | 1 | 0 |
_aObras morales y de costumbres / _cPlutarco ; introducción y notas por Mercedes López Salvá y María Antonia Medel ; traducció Mercedes López Salvá. |
| 246 | 2 | 2 | _aMoralia |
| 260 |
_aMadrid : _bGredos, _c1987. |
||
| 300 |
_a329 p. ; _c20 cm. |
||
| 490 | 1 |
_aBiblioteca Clásica Gredos _v103 |
|
| 500 | _aIncluye notas al pie de páginas | ||
| 500 | _aÍndice de nombres : p. 413-426 | ||
| 700 | 1 |
_aSalvá, López , _eintrod. _952327 |
|
| 700 | 1 |
_aMedel, María Antonia , _eintrod. _952328 |
|
| 700 | 1 |
_aLópez Salvá, Mercedes , _952329 |
|
| 830 | 0 |
_aBiblioteca Clásica Gredos, _v103 _98642 |
|
| 049 | _aBNGR | ||
| 999 |
_c25119 _d25119 |
||